| 000 | 00391nam a2200157Ia 4500 | ||
|---|---|---|---|
| 008 | 230917s9999||||xx |||||||||||||| ||und|| | ||
| 040 |
_e144893 _aMAIN |
||
| 041 | _aEnglish | ||
| 082 | _a361.6 T538E | ||
| 100 | _aTitmuss, Richard M | ||
| 245 | 0 | _aEssays on the welferestate | |
| 250 | _a3rd. ed. | ||
| 260 |
_aLondon _bGeorge allen and unwin _c1958 |
||
| 300 | _a261p. p. | ||
| 942 | _cBK | ||
| 999 |
_c221429 _d221429 |
||